LEADER 01347nam 2200457 450 001 9910555158303321 005 20220905200723.0 010 $a1-119-74709-0 010 $a1-119-74710-4 010 $a1-119-74708-2 035 $a(MiAaPQ)EBC6837876 035 $a(Au-PeEL)EBL6837876 035 $a(CKB)20343333500041 035 $a(OCoLC)1292357189 035 $a(EXLCZ)9920343333500041 100 $a20220905d2022 uy 0 101 0 $aeng 135 $aurcnu|||||||| 181 $ctxt$2rdacontent 182 $cc$2rdamedia 183 $acr$2rdacarrier 200 10$aManual of equine lameness /$fGary M. Baxter 205 $a2nd ed. 210 1$aHoboken, New Jersey :$cJohn Wiley & Sons, Inc.,$d[2022] 210 4$d©2022 215 $a1 online resource (465 pages) 311 08$aPrint version: Baxter, Gary M. Manual of Equine Lameness Newark : John Wiley & Sons, Incorporated,c2022 9781119747079 606 $aHorses$xDiseases 606 $aHorses$xReproduction 608 $aElectronic books. 615 0$aHorses$xDiseases. 615 0$aHorses$xReproduction. 676 $a636.1089 700 $aBaxter$b Gary M.$01219011 801 0$bMiAaPQ 801 1$bMiAaPQ 801 2$bMiAaPQ 906 $aBOOK 912 $a9910555158303321 996 $aManual of Equine Lameness$92818900 997 $aUNINA LEADER 01900nam0 22003011i 450 001 UON00031838 005 20231205102104.763 100 $a20020107b19601964 |0itac50 ba 101 $afre 102 $aFR 105 $a|||| 1|||| 200 1 $aˆLes ‰actes des premieres sultans conservés dans les manuscrits turcs de la Bibliothèque a Paris$fNicoara Beldiceanu. - Paris$eMouton et Co., 1960-64 210 $a2 v.$atav. ; 24 cm 215 $avol. I$cActes de Mehmed II et de Bayezid II du MS. fonds turcs ancien 39 vol.II$cEcole Pratique des Hautes Etudes, VIe Section 316 $aInv. comune ai due voll.$5IT-UONSI DOPPI429 410 1$1001UON00018257$12001 $aDocuments et Recherches sur l'économie des pays byzantins, islamiques et slaves et leurs relations commerciale au Moyen Age$fsous la direction de Paul Lemerle$1210 $aParis$cMouton$d19 - v. ; 24 cm$v3, 7 606 $aImpero Ottomano$xStoria $xSec. 15-17$xDocumenti$3UONC009583$2FI 620 $aFR$dParis$3UONL002984 686 $aOTT IV A$cIMPERO OTTOMANO - STORIA - FONTI ORIENTALI$2A 700 1$aBELDICEANU$bNicoara$3UONV018443$0162008 712 $aMouton & Co.$3UONV246360$4650 801 $aIT$bSOL$c20250919$gRICA 912 $aUON00031838 950 $aSIBA - SISTEMA BIBLIOTECARIO DI ATENEO$dSI DOPPI 429 $eSI TUR113 5 Inv. comune ai due voll. 950 $aSIBA - SISTEMA BIBLIOTECARIO DI ATENEO$dSI OTT IV A 072 (1) $eSI SA 68998 7 072 (1) 950 $aSIBA - SISTEMA BIBLIOTECARIO DI ATENEO$dSI OTT IV A 072 (2) $eSI SA 68999 7 072 (2) 996 $aActes des premieres sultans conservés dans les manuscrits turcs de la Bibliothèque a Paris$91190061 997 $aUNIOR